| 000 | 00528cam a22001457a 4500 | ||
|---|---|---|---|
| 008 | 180718b1980 xxu||||| |||| 00| 0 eng d | ||
| 082 | _aK5: Kimx5412 C349 1 | ||
| 100 | _aChakraborty, Satyesh C. | ||
| 245 |
_aAssessment of training needs of the corporation of Calcutta _cBy Satyesh C. Chakraborty, Bappaditya Chakravarty And Saila |
||
| 260 |
_aCalcutta _bIndian Institute Of Manegemnet Calcutta _c1980 |
||
| 300 | _aiv,89p | ||
| 650 | _aCity planning -- India | ||
| 700 | _aGhosh, Saila K. | ||
| 700 | _aChakravarty, Bappaditya | ||
| 999 |
_c410749 _d410749 |
||